[Event "Sufe Cup"]
[Site "Shanghai"]
[Date "2000.03.11"]
[Round "9"]
[White "Yin, Hao"]
[Black "Wang, Lei"]
[Result "1/2-1/2"]
[WhiteElo "2496"]
[BlackElo "2495"]
[Annotator "Tsesarsky,I"]
[PlyCount "84"]
[EventDate "2000.03.03"]
[EventType "tourn"]
[EventRounds "13"]
[EventCountry "CHN"]
[EventCategory "13"]
[SourceTitle "CBM 076"]
[Source "ChessBase"]
[SourceDate "2000.05.31"]
[SourceVersion "1"]
[SourceVersionDate "2000.05.31"]
[SourceQuality "1"]

{[%mdl 64]} 1. d4 d5 2. c4 e6 3. Nf3 c6 4. Qc2 Nf6 5. Bf4 dxc4 (5... Nh5 $6 6.
Bg5 f6 (6... Bb4+ 7. Nbd2 Qa5 8. e3 h6 9. Bh4 g5 10. Bg3 Nd7 11. Be5 $132) 7.
Bh4 g5 8. Bg3 dxc4 (8... Nd7 9. cxd5 exd5 10. e3 Bb4+ 11. Nc3 Nf8 12. Bd3 Be6
13. a3 Bxc3+ (13... Be7 $14) 14. bxc3 Qe7 15. Rb1 Kf7 16. Qe2 Ng7 17. Nd2 $14 {
1-0 Miles,A-Nikolic,P/Wijk aan Zee 1984/Inf 37 (32)}) 9. Qxc4 Qb6 10. b3 (10.
Nc3 g4 11. Nd2 Nxg3 12. hxg3 Qxb2 13. Rb1 Qa3 14. e3 (14. e4 Na6 15. Be2 e5 $15
) 14... Na6 $15) 10... Bb4+ (10... g4 11. Nfd2 Nxg3 12. hxg3 e5 13. dxe5 fxe5
14. e3 $14) 11. Nbd2 g4 (11... Nxg3 12. hxg3 Qa5 13. Rh5 b5 14. Qc2 g4 15. Nh4
Bc3 (15... Bxd2+ 16. Qxd2 Qxd2+ 17. Kxd2 $16) 16. Rc1 $16) 12. a3 Be7 13. Nh4
Na6 14. e3 Qa5 15. Be2 e5 16. dxe5 Nxg3 17. hxg3 Qxe5 18. Qc1 $14) (5... Nbd7
6. e3 Nh5 7. Bg5 Qa5+ 8. Nc3 h6 9. Bh4 Bd6 10. Be2 g5 11. Bg3 Nxg3 12. hxg3
dxc4 13. Bxc4 Nb6 14. Be2 Nd5 15. Nd2 Bb4 16. Rc1 $14 {1-0 Kacheisvili
Giorgi-Dao Thien Hai/ch World cadets (under 1994 (58)}) (5... Bd6 6. Bxd6 Qxd6
7. e3 O-O 8. Nc3 Nbd7 9. Bd3 (9. cxd5 exd5 10. Bd3 Re8 11. O-O Nf8 12. Ne5 (12.
Rab1 $14 {[%cal Gb2b4]}) 12... N6d7 13. Nxd7 Bxd7 14. b4 Rac8 15. Ne2 (15. Rab1
$14) 15... g6 16. Nf4 b6 17. Qd2 Ne6 18. Nxe6 Bxe6 19. Rfd1 c5 20. bxc5 bxc5
21. dxc5 Qxc5 22. Ba6 $14 {1/2-1/2 Giorgadze,G-Tregubov,P/Ubeda 1996 (62)})
9... b6 10. O-O Bb7 11. cxd5 exd5 12. Rfd1 Rfe8 13. Rac1 c5 14. Bf5 g6 15. Bxd7
Nxd7 16. dxc5 Nxc5 {1/2-1/2 Suetin,A-Vaganian,R/Sochi 1980 (16)} 17. e4 $16) 6.
Qxc4 b5 7. Qc2 Bb7 8. Nbd2 (8. e3 Nbd7 9. Nbd2 a6 10. Nb3 Nd5 11. a3 (11. Bg3
Rc8 $11 {[%cal Gc6c5]}) 11... Nxf4 12. exf4 c5 13. Nxc5 Bxf3 (13... Nxc5 14.
dxc5 Rc8 15. b4 Qf6 16. Rd1 Bxf3 17. gxf3 Qxf4 $11) 14. gxf3 Rc8 15. b4 Qf6
$132 {1/2-1/2 Lorscheid,G-Feibert,F/RLP HM Speyer 1986 (37)}) (8. g3 Nbd7 9.
Bg2 c5 10. O-O Rc8 11. Rd1 cxd4 12. Qb3 Qb6 $17 {0-1 Blees,A-Flear,G/Bern 1993
(26)}) 8... Nbd7 9. a4 (9. e4 a6 10. Bg5 Qb6 11. Bd3 h6 12. Bxf6 gxf6 13. O-O
c5 14. d5 c4 15. dxe6 fxe6 16. Be2 Nc5 17. a4 O-O-O 18. axb5 axb5 19. b4 Na6
20. Bxc4 bxc4 21. Nxc4 Qc7 22. Rfc1 Kb8 23. b5 Nc5 24. b6 (24. Ra7 Bxe4 25. b6
(25. Rxc7 Bxc2 $19) 25... Qf4 $19 {0-1 Davies,N-Wallace,J/Hastings Challengers
1994 (34)}) 24... Qf4 25. Qa2 Rh7 26. Qa7+ Kc8 27. Na5 Bxe4 28. b7+ Bxb7 29.
Nxb7 Rxb7 30. Rxc5+ Bxc5 31. Qxc5+ Qc7 32. Qe3 $44) 9... a6 10. e3 Rc8 $11 {
[%cal Gc6c5]} (10... bxa4 11. Qxa4 c5 12. Be2 cxd4 (12... Be7 13. dxc5 Bxc5 14.
O-O O-O 15. Rfc1 $14) 13. Nxd4 Bxg2 $1 $15 (13... Nd5 $6 14. O-O Nxf4 15. exf4
Bd6 (15... Qf6 16. Bf3 Bxf3 17. N2xf3 Qxf4 18. Qc6 Rd8 19. Rxa6 Bc5 20. Nb3 Be7
21. Rd1 $16) (15... Be7 16. Bf3 Bxf3 17. N2xf3 O-O (17... Bd6 18. f5 e5 19. Ne6
fxe6 20. fxe6 $16) 18. Nxe6 fxe6 19. Rfd1 $16 {1-0 Archangelsky-Hrach/cr ch we
1988 (53)}) 16. Bf3 Bxf3 17. N2xf3 Bxf4 18. Rfd1 Qc8 19. Nxe6 Bxh2+ 20. Kxh2
fxe6 21. Ne5 $18)) 11. Qd3 (11. Qb3 $5 {[%csl Rb5]} b4 $1 {[%cal Gc6c5]} (11...
Nb6 $6 12. axb5 cxb5 13. e4 Be7 (13... Nxe4 14. Nxe4 Bxe4 15. Rxa6 Bxf3 16.
Bxb5+ (16. gxf3 Qxd4 17. Bxb5+ Kd8 18. Bg5+ f6 19. Be3 Qb4+ 20. Qxb4 Bxb4+ 21.
Ke2 Nd5 22. Rd1 $16) 16... Bc6 17. Bxc6+ Rxc6 18. Qb5 Qd5 19. Rxb6 Qxb5 20.
Rxb5 $16) 14. Bd3 O-O 15. O-O $14) 12. Bc4 c5 $11) 11... Bb4 12. axb5 $5 (12.
Be2 bxa4 13. Rxa4 c5 14. O-O Nb6 15. Raa1 $132) 12... cxb5 13. Be2 $6 $15 {
Getting in the latent trap...} (13. Qb3 Qe7 (13... Ba5 14. Bd3 Bxf3 (14... Bd5
15. Qa3 Bxf3 16. gxf3 Nd5 17. Bd6 Rc6 18. Qxa5 Qxa5 19. Rxa5 Rxd6 (19... Rc1+
20. Ke2 Rxh1 21. Rxa6 $18) 20. Bxb5 $16) (14... Bxd2+ 15. Nxd2 Bxg2 16. Rg1 Bd5
17. Qd1 $14 {[%csl Ra6,Rg7]}) 15. gxf3 Nd5 16. Bg3 N7f6 17. Qa3 Rc6 18. Qxa5
Qxa5 19. Rxa5 Rc1+ 20. Ke2 Rxh1 21. Rxa6 O-O 22. Bxb5 $14) 14. Bd3 Bxd2+ (14...
Bxf3 15. gxf3 Nd5 16. Bg3 h5 17. h4 $132) 15. Nxd2 Bxg2 16. Rg1 Bd5 17. Qd1 $44
{[%csl Ra6,Rg7]}) 13... Ne4 14. O-O Bxd2 $1 (14... Nxd2 15. Nxd2 O-O $11) 15.
Nxd2 Ndc5 $1 {Unexpected tactical impact} 16. dxc5 (16. Nxe4 Nxd3 17. Nd6+ Qxd6
$1 (17... Kf8 18. Bxd3 Rc7 19. Nxb7 Rxb7 20. Rxa6 $44) 18. Bxd6 Nxb2 $19) 16...
Qxd3 17. Bxd3 Nxd2 18. Rfd1 (18. c6 Rxc6 19. Rfc1 Rxc1+ 20. Rxc1 O-O 21. Rc7
Rc8 22. Rxc8+ Bxc8 23. Be5 $15) 18... Nb3 {Winning P but White have good
compensation - par of BB.} 19. c6 (19. Ra3 Nxc5 20. b4 Nxd3 21. Raxd3 Bd5 22.
f3 f5 23. Ra3 $44) 19... Rxc6 20. Ra3 Nc5 21. Be2 (21. b4 $1 Nxd3 22. Raxd3 O-O
23. f3 $44) 21... Rc8 (21... b4 22. Ra5 Ne4 (22... O-O 23. Bd6 $1 $16) 23. f3
Nf6 24. Bd6 Nd5 25. Bc5 $44) 22. Rc1 (22. b4 Na4 23. Be5 f6 24. Ba1 Ke7 25.
Rad3 Rhd8 26. Rxd8 Rxd8 27. Rxd8 Kxd8 28. Bd3 h6 $15) 22... O-O 23. Rac3 Na4
24. Rc7 $2 $17 {Wrong evaluation!} ({Better was to play} 24. Rxc8 Rxc8 25.
Rxc8+ Bxc8 26. b4 f6 $15 {And par of BB provide for White not bad chanses for
draw.}) 24... Nxb2 $1 25. Bd6 Rfd8 $2 $132 {[%mdl 8192]} (25... Nc4 $1 26. Bxc4
(26. R1xc4 bxc4 27. Rxb7 Rfd8 $19) 26... Rxc7 27. Bxc7 bxc4 28. Rxc4 Rc8 29.
Rc3 f6 30. Ba5 Bc6 $17) 26. Be7 $4 $19 {[%mdl 8192]} (26. Bf3 $1 Rxc7 (26...
Nd3 27. Bxb7 Nxc1 28. Rxc8 Rxc8 29. Bxc8 a5 30. Ba6 b4 31. Bc4 $18) 27. Bxc7
Rd5 $3 28. Bxd5 Bxd5 29. Ra1 $44) 26... Rxc7 27. Rxc7 Rb8 {Simply and strong}
28. Bd6 Bd5 (28... f6 29. Rxg7+ Kxg7 30. Bxb8 Bd5 (30... Bc6 {[%cal Ga6a5]} 31.
Bc7 Kf7 32. Kf1 Ke7 $17) 31. Bd6 (31. Kf1 Bc4 $19) 31... Bc4 32. Bf3 a5 $19)
29. Be5 Na4 30. Bd1 Nb6 (30... Rd8 $1 31. Bxa4 bxa4 32. f3 f6 33. Bc3 a3 34. e4
Bb3 $19) 31. f3 Rc8 {Black position is winning, but Wang Lei shows indecision.}
(31... a5 $1 32. e4 Rd8 $1 $19 (32... Ba2 $19)) 32. e4 Bc6 $2 $17 {Dropping
big part of advantage} (32... Bc4 $1 {[%csl Rd1]} 33. Kf2 (33. Rb7 Rd8 $1 34.
Bc2 (34. Rxb6 Rxd1+ 35. Kf2 f6 $19) 34... f6 35. Bc3 (35. Rxb6 fxe5 36. Rxa6
Rd2 $19 {[%csl Rc2]}) 35... Na4 $19) 33... f6 34. Rxc8+ Nxc8 35. Bc3 Kf7 $19)
33. Ra7 Ra8 (33... Nc4 {-like in this game on 35 move}) (33... Rd8 34. Bb3 (34.
Rxa6 Rxd1+ 35. Kf2 Rd2+ 36. Ke1 Rxg2 37. Rxb6 Be8 38. Rb8 f6 39. Rxe8+ Kf7 40.
Rb8 fxe5 41. Rxb5 Kf6 $19) 34... Nd7 35. Bd6 Nf8 36. Bxf8 Kxf8 37. Rxa6 $17)
34. Rc7 Rc8 35. Ra7 Nc4 36. Bc3 a5 (36... Be8 {[%cal Gc4e3]} 37. Bb3 a5 38.
Bxc4 Rxc4 39. Bxa5 $17) 37. Bxa5 Nxa5 38. Rxa5 Ra8 $2 $11 {Bishops ending is
drawn!} (38... b4 39. Kf2 Rb8 40. Bb3 {This position without bishops is
winning, but how to change?} h6 41. Ke3 g5 $17) 39. Rxa8+ Bxa8 40. Kf2 Kf8 (
40... e5 41. Ke3 Kf8 42. Kd3 Ke7 43. Kc3 Kd6 44. Kb4 Bc6 45. Be2 $11) (40... g5
41. Ke3 Kg7 42. Kd4 Bc6 43. Kc5 Be8 44. Be2 Kf6 45. Bxb5 Bxb5 46. Kxb5 Ke5 47.
Kc4 g4 (47... Kf4 48. Kd3 h5 49. Ke2 g4 50. g3+ Ke5 51. Ke3 $11) 48. Kd3 gxf3
49. gxf3 Kf4 50. Ke2 Kg5 51. Kf2 Kh4 52. Kg2 h5 53. Kg1 $11) (40... f5 $5 41.
exf5 exf5 42. Ke3 Bd5 43. Kd4 Bc4 44. Bc2 g6 45. h4 (45. g4 fxg4 46. fxg4 g5
47. Kc5 Kg7 $17) 45... Kf7 46. h5 gxh5 (46... Kf6 47. hxg6 hxg6 48. f4 Ke6 49.
Kc5) 47. Bxf5 h4 48. f4 (48. Bd3 Bxd3 49. Kxd3 Ke6 50. Kd4 Kf5 51. Kc5 Kf4 52.
Kxb5 Kg3 $19) 48... Bf1 49. Bh3 Kf6 50. Kc5 Bd3 (50... Bxg2 51. Bxg2 Kf5 52.
Kxb5 Kxf4 53. Kc5 Kg3 54. Ba8 h3 55. Kd4 $11) 51. Bd7 Be4 52. Bh3 Bf5 53. Kxb5
Bxh3 54. gxh3 Kf5 55. Kc4 Kxf4 56. Kd3 $11) 41. Ke3 Ke7 42. Kd4 f6 (42... Kd6
43. e5+ Kd7 44. Kc5 Bc6 45. Be2 $11) 1/2-1/2

[Event "Veterans-Women"]
[Site "Copenhagen"]
[Date "1997.??.??"]
[Round "5"]
[White "Taimanov, Mark E"]
[Black "Ioseliani, Nana"]
[Result "1/2-1/2"]
[WhiteElo "2425"]
[BlackElo "2520"]
[Annotator "Tsesarsky,I"]
[PlyCount "106"]
[EventDate "1997.07.23"]
[EventType "schev"]
[EventRounds "10"]
[EventCountry "DEN"]
[SourceTitle "CBM 061"]
[Source "ChessBase"]
[SourceDate "1997.11.23"]
[SourceVersion "1"]
[SourceVersionDate "1997.11.23"]
[SourceQuality "1"]

1. d4 d5 2. c4 (2. Nf3 c6 3. e3 e6 4. c4 a6 5. Nbd2 Nd7 6. Bd3 Bd6 7. O-O g5 $2
8. e4 g4 9. Ne1 $16 {1-0 Delander,A-Montavon,G/Berliner Sommer 1996 (35)}) 2...
e6 3. Nf3 c6 4. e3 Nd7 5. b3 (5. Nbd2 f5 6. b3 (6. Be2 Bd6 7. O-O Qf6 8. Rb1
Ne7 9. b4 O-O 10. b5 g5 11. g3 g4 12. Nh4 Rf7 13. bxc6 bxc6 14. Qa4 $14 {
1-0 Reeh,O-Lau,R/BL 1994 (36)}) (6. Bd3 Bd6 (6... Nh6 7. Qc2 Qf6 8. b3 Bd6 9.
O-O O-O 10. Bb2 Kh8 11. Rfe1 g5 12. Nf1 Rg8 13. Kh1 g4 14. Ng1 Nf7 15. Ne2 Ng5
16. Nf4 Qh6 17. Ng3 Nf6 18. a4 $14 {0-1 Kotov,A-Alatortsev,V/Leningrad TU 1938
(48)}) 7. b3 Ngf6 8. Bb2 O-O 9. O-O Ne4 10. Ne5 Nxe5 11. dxe5 Be7 12. Nf3 c5
13. Qc2 b6 14. Rad1 Qe8 $11 {1/2-1/2 Bondarevsky,I-Alatortsev,V/Leningrad/
Moscow 1939 (60)}) 6... Ngf6 7. Bb2 Bd6 8. g3 (8. Ne5 Bxe5 9. dxe5 Ng4 10. Be2
Ngxe5 11. f4 Nf7 12. Bxg7 Rg8 13. Bc3 Rxg2 14. Kf1 Rg8 15. Rg1 Rxg1+ 16. Kxg1
Qb6 17. Kf2 Nf8 18. Bh5 Ng6 19. Qg1 e5 20. Bxg6 hxg6 21. Qxg6 d4 22. exd4 exd4
23. Re1+ $16 {1/2-1/2 Schmidt,W-Weyrich,M/OLNN 1992 (61)}) 8... O-O 9. Bg2 a5
10. O-O a4 11. c5 Bb8 12. b4 b6 13. Qc2 bxc5 (13... b5 $5) 14. bxc5 Ne4 15.
Rab1 Ndf6 16. Ne5 Nxd2 17. Qxd2 Bxe5 18. dxe5 Ne4 19. Qc2 Ba6 {Garcia Palermo,
C-Kharlov,A/Oviedo rapid 1993/EXP 38/0-1 (46)} 20. Rfc1 $14) (5. Nc3 Bd6 6. e4
(6. Bd3 f5 7. cxd5 cxd5 8. Bd2 a6 9. Rc1 Nh6 10. Qb3 Qe7 11. g3 Nf7 12. h4 $14
{1/2-1/2 Tinsley,S-Bird,H/Hastings 1895 (69)}) 6... dxe4 7. Nxe4 Be7 8. Be2
Ngf6 9. Nc3 O-O 10. O-O c5 11. Qc2 cxd4 12. Nxd4 a6 $11 {1/2-1/2 Nedimovic,
L-Ursic,A/Nova Gorica op 1997/EXP 56 (16)}) (5. Be2 f5 6. O-O Bd6 7. Nc3 Ngf6
8. Ne1 Ne4 9. Nxe4 fxe4 10. f4 O-O 11. c5 Bc7 12. b4 $14 {0-1 Lluch,V-Vasquez,
A/FEBTC Open, Greenhills PHI 1997 (44)}) 5... Ngf6 (5... f5 6. Be2 Qf6 7. O-O
Bd6 8. Ba3 Bxa3 9. Nxa3 Ne7 10. Ne1 e5 11. dxe5 Nxe5 12. Qd4 O-O 13. Rd1 Be6
14. Nd3 $11 {1/2-1/2 Ilinsky,V-Bogdanovich,G/Budapest Spring op 1990/EXP 17 
(25)}) 6. Bd3 Bd6 7. O-O O-O $11 8. Ba3 (8. Bb2 b6 9. Nc3 Bb7 10. e4 (10. Re1
c5 11. cxd5 exd5 12. dxc5 bxc5 13. e4 d4 14. Nb1 (14. Nb5 $132) 14... Re8 15.
Nbd2 a5 16. a4 Qc7 17. Rc1 $11 {1-0 Speelman Jonathan S-Computer "Virtual
Chess"/It "Aegon", Hague (Netherlands) 1996 (68)}) (10. Rc1 Rc8 11. Qe2 Qe7 12.
e4 dxe4 13. Nxe4 Nxe4 14. Qxe4 Nf6 15. Qh4 h6 16. c5 $1 $14 {ZÜ 1-0 Schmidt,
J-Stridde,P/OLO-B 1994 (30)}) (10. Qc2 $5 {-D45}) 10... dxc4 11. Bxc4 e5 $11)
8... Bxa3 9. Nxa3 Qe7 10. Nc2 e5 11. dxe5 (11. Be2 e4 12. Nd2 Re8 $132) 11...
Nxe5 12. Nxe5 Qxe5 13. Nd4 (13. f4 Qd6 14. cxd5 Nxd5 15. Qf3 Rd8 16. Rad1 Qe7
17. f5 Re8 $11) 13... dxc4 14. Bxc4 c5 15. Nf3 Qe7 16. Qc2 (16. Qe2 $11) 16...
b6 17. Rfd1 Bd7 (17... Bb7 18. Qf5 (18. Ng5 h6 19. Nh3 Rad8 (19... g5 $2 20.
Qg6+ $18) 20. Nf4 $11) 18... Be4 19. Qf4 Rad8 20. Rxd8 Rxd8 21. Ne5 Bd5 22. Rd1
Bxc4 23. Rxd8+ Qxd8 24. Qxc4 Qd1+ 25. Qf1 Qc2 $15) 18. h3 Rad8 19. Rac1 h6 (
19... Bc6 20. Rxd8 Rxd8 21. Ng5 Bd5 $11) 20. Nh4 Kh8 (20... Qe4 21. Qxe4 Nxe4
22. Nf3 $11) 21. Nf5 Bxf5 22. Qxf5 g6 23. Qf4 (23. Qf3 Kg7 $11) 23... Kg7 24.
a4 Rfe8 25. Bb5 Rxd1+ 26. Rxd1 Rd8 27. Rxd8 (27. Rd3 Rxd3 28. Bxd3 Nd5 $11)
27... Qxd8 28. Bc4 Qe7 (28... Qd7 $11) 29. Kf1 Ne8 30. h4 (30. Ke2 Nd6 31. Bd3
Qe6 $11 (31... Qf6 $2 32. Qxf6+ Kxf6 33. f4 $14 Ke6 34. e4 f6 (34... f5 35. e5
$16) 35. Ke3 g5 36. g3 Ne8 37. h4 Nc7 38. Bc4+ Ke7 (38... Kd6 $2 39. e5+ Ke7 (
39... fxe5 40. fxg5 hxg5 41. hxg5 (41. h5 Ne8 42. h6 Nf6 $15) 41... Ne8 (41...
Ke7 42. Ke4 $16) (41... a6 42. g6 Ne6 43. Bxa6 $18 (43. Ke4 $18)) 42. Ke4 Ng7
43. g4 $22 $18) 40. fxg5 fxg5 41. Ke4 gxh4 42. gxh4 a6 43. Kf5 $16) 39. fxg5
fxg5 40. e5 $16)) 30... Nd6 31. Bd5 (31. Bd3 {[%csl Ga6]} h5 $11) 31... g5 (
31... a6 32. Ke2 b5 33. g4 g5 34. hxg5 hxg5 $11) 32. hxg5 hxg5 33. Qf3 Qe5 34.
g4 a6 35. Qd1 b5 36. axb5 axb5 37. Bf3 (37. Qd3 Kf6 $11) 37... Kf6 38. Qd5 (38.
Bc6 $11) 38... Qxd5 39. Bxd5 Ke5 40. Bc6 b4 41. Ke2 c4 42. bxc4 b3 43. Kd3 Nxc4
44. Be8 (44. Kc3 b2 45. Kc2 f6 $11) 44... Ke6 45. Kc3 b2 46. Kc2 f6 (46... Ne5
47. f4 gxf4 48. exf4 Nxg4 $11) 47. Bg6 Kd5 48. Bh7 Kc5 49. Kc3 (49. Bd3 Kb4 50.
Be2 (50. Bxc4 Kxc4 51. Kxb2 Kd3 $19) 50... Kc5 51. Bd3 $11) 49... Kd5 50. Kc2
Ne5 51. Bf5 Nc4 52. Bh7 Ne5 53. Bf5 Nc4 1/2-1/2

[Event "FIDE-Wch k.o."]
[Site "New Delhi/Teheran"]
[Date "2000.12.02"]
[Round "2.5"]
[White "Dreev, Alexey"]
[Black "Malakhov, Vladimir"]
[Result "1-0"]
[WhiteElo "2676"]
[BlackElo "2605"]
[Annotator "Tsesarsky,I"]
[PlyCount "119"]
[EventDate "2000.11.27"]
[EventType "k.o."]
[EventRounds "7"]
[EventCountry "IND"]
[SourceTitle "CBM 081"]
[Source "ChessBase"]
[SourceDate "2001.03.20"]
[SourceVersion "1"]
[SourceVersionDate "2001.03.20"]
[SourceQuality "1"]

{[%mdl 36]} 1. d4 d5 2. c4 e6 3. Nf3 c6 4. Qc2 Nf6 5. Bg5 Nbd7 {Here White had
to choose between two continuations:} {1.} 6. e3 ({and 2.} 6. Nbd2 {This move
in most variations leads only to various moves order, but not always. After 6.
e3 the B on g5 can't return back to the e1-a5 diagonal, and Black can use this
factor and to build his counterplay on Qa5 and Bb4.} Be7 7. e3 ({Teske likes} 
7. g3 {move:} O-O (7... b6 8. Bg2 Bb7 9. O-O Rc8 10. e4 dxe4 11. Nxe4 Nxe4 12.
Bxe7 Qxe7 13. Qxe4 $14 {1-0 Teske,H-Mierbach,J/Chemnitz 1997/EXT 99 (33)}) 8.
Bg2 h6 $1 {Right way to equalize position.} (8... b6 9. O-O Bb7 10. e4 dxe4 11.
Nxe4 Nxe4 12. Bxe7 Qxe7 13. Qxe4 Nf6 14. Qe3 $14 {1/2-1/2 Teske,H-Nogly,C/
Hamburg 1997/EXT 98 (49)}) 9. Bxf6 Bxf6 10. O-O e5 11. cxd5 cxd5 12. dxe5 Nxe5
13. Rfd1 Nxf3+ 14. Nxf3 Qb6 15. Rd2 Be6 16. Rad1 Rac8 17. Qb1 Rc4 $11 {1-0
Teske,H-Klinger,J/AUT-chT9596 1996/CBM 52 ext (44)}) 7... O-O (7... h6 8. Bh4
O-O 9. Bd3 dxc4 10. Qxc4 (10. Nxc4 $1 Bb4+ 11. Ke2 $14) 10... Nd5 11. Bg3 c5
12. O-O Nb4 13. Be4 cxd4 14. Bc7 Qe8 15. Nxd4 Nf6 16. Bf3 $14 {1-0 Galliamova,
A-Lamprecht,F/Vienna 1996/CBM 53 ext (41)}) 8. Bd3 h6 (8... Re8 9. O-O h6 10.
Bf4 c5 11. Rfd1 b6 12. e4 Bb7 13. cxd5 exd5 14. e5 Nh5 15. Be3 cxd4 16. Bxd4
Nf4 17. Bf1 Bf8 (17... Ne6 $132) 18. Nb3 Ne6 $11 {1-0 Srokowski,J-Elsen,M/GER
1996/EXT 2000 (30)}) (8... a5 $6 9. O-O b6 10. Ne5 $16 {[%csl Rh7][%cal Gd3h7]
1-0 Bukic,E-Raicevic,V/Borovo 1981/EXT 99 (28)}) 9. Bxf6 Bxf6 10. O-O dxc4 11.
Nxc4 Qe7 12. e4 e5 $132 {1/2-1/2 Teske,H-Moise,A/Dresden 1997/EXT 98 (42)})
6... Qa5+ ({Worth of attention is also} 6... h6 7. Bh4 {and now the best move
seems 7...g5!} (7. Bxf6 Nxf6 $11 {^^}) 7... g5 $1 (7... Bd6 8. Nc3 Qa5 9. c5
Bb8 10. Rb1 e5 11. dxe5 Nxe5 12. Bxf6 Nxf3+ 13. gxf3 gxf6 14. b4 Qc7 15. Ne2
Qe7 $132 {1-0 Yermolinsky,A-Sevillano,E/San Francisco 1995/EXT 99 (58)}) (7...
Bb4+ 8. Nc3 g5 9. Bg3 Ne4 10. Bd3 $14 {0-1 Fernandez Garcia,J-Barrios Canseco,
S/Oropesa del Mar 1996/EXT 98 (45)}) (7... Qa5+ 8. Nc3 Ne4 (8... Bb4 9. Bd3
dxc4 10. Bxc4 Nd5 11. Rc1 N7b6 12. Bb3 $14 {1-0 Fernandes,A-Cordeiro,V/Lisboa
1998/EXT 99 (27)}) 9. Nd2 Nxd2 10. Qxd2 Bb4 $11 {1/2-1/2 Khenkin,I-Panchenko,A/
Sochi 1989/CBM 16 (18)}) 8. Bg3 Ne4 9. Bd3 Nxg3 10. hxg3 Bg7 {0-1 Tratar,
M-Laketic,G/Nova Gorica 1999/CBM 68 ext (50)}) (6... Bd6 7. Nbd2 h6 8. Bh4 O-O
9. Be2 e5 {-see commented game 1/2-1/2 Fominyh,A-Kobalija,M/Maikop 1998/CBM 66
(38)}) (6... Bb4+ 7. Nbd2 h6 8. Bh4 g5 9. Bg3 Ne4 10. Bd3 $14 (10. O-O-O $6
Nxg3 11. hxg3 g4 $132 {1-0 Nielsen,P-Ahlander,B/Sweden 1999/EXT 2000 (33)})) 7.
Nbd2 Bb4 8. a3 (8. Bd3 h6 (8... dxc4 9. Bxc4 Bxd2+ 10. Qxd2 Qxd2+ 11. Nxd2 O-O
12. O-O $14 {1-0 Pulcherio,C-Anfruns/Mar del Plata 1928/HCL (32)}) (8... Ne4 9.
Bf4 Ndf6 10. Ke2 $1 $14) 9. Bf4 g5 10. Bg3 Nh5 $1 $132 (10... dxc4 11. Bxc4 g4
12. Ne5 $14)) (8. cxd5 exd5 $1 $132 {[%cal Gc8g4]} (8... cxd5 $6 $14 {1-0
Bordell Rosell,R-Rocabert,G/Barbera 1993/EXT 98 (22)})) 8... Ne4 9. Bf4 Nxd2 ({
Good counterplay for Black promises move} 9... g5 $1 10. Bg3 g4 (10... Nxg3 11.
hxg3 g4 12. Nh2 f5 13. cxd5 cxd5 14. Rc1 Be7 15. Bd3 Nf6 16. Nhf1 Bd7 $11) 11.
Rb1 $1 Bxa3 (11... Bf8 12. Ng1 Bg7 $132) 12. bxa3 gxf3 13. gxf3 Nxd2 14. Qxd2
Qxa3 $44) 10. Nxd2 dxc4 11. Rd1 {This move is connected with P sacrifice.} ({Or
} 11. Bxc4 e5 12. dxe5 Nxe5 13. Bxe5 Bxd2+ 14. Qxd2 Qxe5 $11) 11... Bxd2+ 12.
Rxd2 e5 {Black refuses to take material} ({after} 12... b5 13. Bd6 $44 {
[%csl Re8]}) 13. dxe5 Nxe5 14. Bxe5 Qxe5 15. Bxc4 {...and equalizes position.}
O-O 16. O-O Bf5 17. Bd3 Bxd3 18. Qxd3 Rae8 {White occupied the only open file
- d-file- and maybe has very little advantage, but Black has no weaknesses.
However, the struggle is continued...} 19. Rfd1 Re7 20. Qc4 h5 21. Rd4 g6 22.
h4 Kg7 23. R1d2 Rfe8 24. g3 Rc7 $1 {Black prepares queenside PP promotion.} 25.
Kg2 b5 $5 {[%csl Rc6] Black promotes b-P!} ({Right was also} 25... c5 26. Rd5
Qe4+ 27. Qxe4 Rxe4 $11 {and without QQ and weaknesses this position is drawn.})
26. Qc2 Re6 27. Rd8 a5 28. R2d4 a4 29. Qd2 c5 30. Rf4 Rcc6 31. Qe2 {[%csl Rb5]
[%cal Ge2b5]} c4 $6 $14 {Creates unnecessary weakness on b5.} ({Why not} 31...
Rb6 $132) 32. Rfd4 Rcd6 $2 $16 ({Right was only} 32... c3 $1 33. bxc3 Rxc3 34.
R8d5 Qc7 35. Qxb5 Rxa3 36. Rxa4 {[%tqu "En","?","","","e6e3","",10,"a3a4","",0]
} Rexe3 $3 (36... Rxa4 37. Qxa4 Qc6 38. Qd4+ $16) 37. fxe3 Qc2+ 38. Kh3 Rxa4
$11) 33. Qd2 Rxd8 34. Rxd8 Qe4+ 35. Kh2 Rf6 (35... Qe5 36. Rd5 Qb8 37. Qc3+ $16
{and White promotes kingside PP - like in the game.}) 36. Rd4 Qe5 37. Kg2 Rf5
$2 $18 (37... Re6 38. e4 $18 {[%cal Gd2c3,Gf2f4]}) ({The last possibility of
resistance was} 37... Qf5 $1 38. Qe2 (38. e4 Qf3+ 39. Kg1 Re6 40. Qc3 Rf6 41.
Qd2 $11) (38. f4 Re6 $11) (38. Rf4 Qe5 39. Rd4 Qf5) 38... Re6 39. e4 Qe5 (39...
Re8 40. Qe3 Qf6 41. Qc3 $16) 40. Qd2 Qf6 41. f4 $16) 38. Qc3 $1 {[%cal Gc3g7]}
Rf6 39. e4 {White realises his plan.} Re6 40. f4 Qf6 41. Kf3 $1 {The white K
take a long trip to the queenside- to attack b5 weakness!} Kh7 (41... Kg8 42.
Rd5 Qxc3+ 43. bxc3 Rb6 44. Ke3 $18) (41... Re7 42. Rd5 $18) 42. Rd7 Kg7 43. Ke3
Rb6 (43... Qxc3+ 44. bxc3 Re8 45. Kd4 $18 {[%csl Rb5]}) 44. Kd2 $1 Qxc3+ 45.
Kxc3 {White has absolutely winning position.} Kf6 46. Kb4 Ke6 47. Rd5 f5 48.
Re5+ Kf6 49. exf5 gxf5 50. Rxb5 Re6 51. Kxa4 Re3 52. Kb4 Rxg3 53. a4 Rg4 54. a5
Rxf4 55. a6 c3+ 56. Kxc3 Ra4 57. Rb6+ Ke5 58. b4 f4 59. Rb5+ Kd6 60. Ra5 1-0